000 00384nam a2200133Ia 4500
005 20260328104311.0
008 260328s9999||||xx |||||||||||||| ||und||
100 _aAgkathaidis, Asterios
245 0 _aArquitectura Biomórfica :
_b Diseño orgánico y Construcción /
_cAsterios Agkathaidis
260 _bPromopress
300 _a160 p.
650 _aDISEÑO BIOMORFICO
942 _cBK
999 _c10950
_d10950